| 000 | 00439cam a2200169 4500 | ||
|---|---|---|---|
| 001 | D13957 | ||
| 008 | 090401t1900 xxu||||| |||| 00| 0 eng d | ||
| 035 | _a(Sirsi) u12472 | ||
| 041 | _aeng | ||
| 245 | _aSprague`s tables, calculations, and memoranda, for the use of Architects, Surveyors, etc | ||
| 250 | _aRevised | ||
| 260 |
_aLondon _bSprague & Co _c1900 |
||
| 350 | _a0 | ||
| 520 | _aShelf 109 | ||
| 942 | _n0 | ||
| 948 | _c04/03/1997 | ||
| 999 |
_c86995 _d86995 |
||